Atlantic harmonisation : Making free trade work

Enregistré dans:
Détails bibliographiques
Auteur principal: Liesner, Hans
Format: Livre
Langue:Undetermined
Publié: London The Atlantic trade study 1968
Sujets:
Tags: Ajouter un tag
Pas de tags, Soyez le premier à ajouter un tag!
Thư viện lưu trữ: Trung tâm Học liệu Trường Đại học Cần Thơ
LEADER 00528nam a2200193Ia 4500
001 CTU_82300
008 210402s9999 xx 000 0 und d
082 |a 382 
082 |b L716 
100 |a Liesner, Hans 
245 0 |a Atlantic harmonisation : 
245 0 |b Making free trade work 
245 0 |c Hans Liesner 
260 |a London 
260 |b The Atlantic trade study 
260 |c 1968 
650 |a Free trade,North atlantic region 
904 |i Trọng Hải 
980 |a Trung tâm Học liệu Trường Đại học Cần Thơ